Minnesota Vikings Roster 2024-2025 - Statistics

General Stats
  • This quiz has been taken 416 times
    409 since last reset
  • The average score is 23 of 54
Answer Stats
Hint Answer % Correct
QB Sam Darnold
97%
WR Justin Jefferson
94%
RB Aaron Jones
89%
WR Jordan Addison
88%
TE TJ Hockenson
84%
OLB Patrick Jones
80%
FB CJ Ham
73%
QB Nick Mullens
72%
WR Jalen Nailor
71%
S Harrison Smith
69%
OLB Andrew Van Ginkel
65%
RB Cam Akers
65%
TE Josh Oliver
61%
RB Ty Chandler
60%
TE Johnny Mundt
58%
CB Byron Murphy
57%
S Cam Bynum
55%
C Garrett Bradbury
52%
OLB Jonathan Greenard
52%
WR Brandon Powell
51%
CB Stephon Gilmore
51%
DL Harrison Phillips
48%
LB Ivan Pace
47%
P Ryan Wright
45%
LB Blake Cashman
44%
QB Brett Rypien
42%
S Josh Metellus
42%
OLB Dallas Turner
39%
S Theo Jackson
38%
T Cam Robinson
35%
WR Trent Sherfield
35%
G Ed Ingram
34%
T Brian O'Neill
32%
K John Parker Romo
32%
CB Shaq Griffin
32%
G Blake Brandel
29%
G Dalton Risner
29%
T David Quessenberry
25%
DL Jonathan Bullard
23%
DL Jalen Redmond
22%
LB Kamu Grugier-Hill
22%
DL Jerry Tillery
18%
OLB Jihad Ward
18%
S Jay Ward
17%
DL Levi Drake Rodriguez
15%
LB Brian Asamoah
14%
G Michael Jurgens
14%
T Walter Rouse
14%
CB Fabian Moreau
12%
OLB Bo Richter
11%
C Dan Feeney
11%
CB Akayleb Evans
10%
CB Dwight McGlothern
10%
LS Jake McQuaide
3%
No matching quizzes found
Score Distribution
Percent of People with Each Score
Percentile by Number Answered
Your Score History
You have not taken this quiz since the last reset